| 000 | 00349 a2200145 4500 | ||
|---|---|---|---|
| 999 |
_c325028 _d325028 |
||
| 001 | 89955 | ||
| 003 | NUST | ||
| 005 | 20180124144116.0 | ||
| 008 | 180124b xxu||||| |||| 00| 0 eng d | ||
| 082 | _a297.63 ALI | ||
| 100 |
_aAli Muhammad Daktoor _99713 |
||
| 245 |
_aSeerat Umar Farooq Vol ll _hUrdu |
||
| 250 | _aVoll-ll | ||
| 260 |
_aLahore _bDarussalam Pub _c2014 |
||
| 300 | _a632p. | ||
| 500 | _aGeneral Books | ||
| 942 |
_aCAE NUST _cBK _k297.63 ALI _2ddc |
||